000 00323nam a22001457a 4500
008 230419b ||||| |||| 00| 0 eng d
020 _a0139364927
041 _aeng
080 _a030
082 _a030AZA
100 _a40
101 _aENCI
245 _aUNDERSTADING USING ENGLISH GRAMMAR
_cAZAR.S.B
942 _2udc
_cBK
999 _c59599
_d59599